000 00634cam a2200229 4500
008 090401t1989 xxu||||| |||| 00| 0 eng d
020 _a0611007479
035 _a(Sirsi) u65820
041 _aeng
050 _a692.5
245 _aLaxton`s building price book 1990
250 _a162nd ed.
260 _aEast Grinstead,West Sussex
_bReed Information Services Ltd
_c1989
300 _a2v. ; 30cm.
350 _a3
650 _aBUILT ENVIRONMENT-BUILDING COSTS
650 _aJOHNSON V B AND PARTNERS
650 _aBUILDING PRICE BOOKS
700 _aV.B.Johnson and Partners.,
_xEditor
942 _n0
948 _c04/03/1997
999 _c94789
_d94789